Normal view
MARC view
- Islam and politics
Entry Topical Term
001 - CONTROL NUMBER
- control field: 108661
003 - CONTROL NUMBER IDENTIFIER
- control field: NUST
005 - DATE AND TIME OF LATEST TRANSACTION
- control field: 20230206123644.0
008 - FIXED-LENGTH DATA ELEMENTS
- fixed length control field: 230206|| aca||aabn | a|a d
040 ## - CATALOGING SOURCE
- Original cataloging agency: NUST
- Transcribing agency: NUST
150 ## - HEADING--TOPICAL TERM
- Topical term or geographic name entry element: Islam and politics
- Geographic subdivision: Egypt
670 ## - SOURCE DATA FOUND
- Source citation: Work cat.: (NUST)187126: Baker, Raymond William, 108660, Islam without fear :, c2003.
